[Event "4NCL Division 3 South"]
[Site "Milton Keynes, ENG"]
[Date "2022.06.26"]
[Round "8.52"]
[White "Sutton, Daniel"]
[Black "Dasgupta, Avyukt"]
[Result "1/2-1/2"]
[WhiteElo "2039"]
[BlackElo "1992"]
[PlyCount "145"]
[EventDate "2022.06.26"]
[WhiteTeam "Sussex Martlets 2"]
[BlackTeam "Watford A"]

1. e4 e6 2. d4 d5 3. Nc3 dxe4 4. Nxe4 Bd7 5. Nf3 Bc6 6. Bd3 Nd7 7. Qe2 Ngf6 8.
Neg5 Bxf3 9. Qxf3 c6 10. O-O g6 11. Re1 Qe7 12. Bf4 Nb6 13. Bd6 Qd8 14. Be5 Bg7
15. Qh3 Nbd7 16. Bd6 Nf8 17. Bxf8 Kxf8 18. Bc4 Nd5 19. Nf3 Bf6 20. c3 Kg7 21.
Ne5 Bxe5 22. Rxe5 Nf6 23. Bb3 Qb6 24. Rae1 Rac8 25. Qh4 Rhe8 26. g4 h6 27. g5
hxg5 28. Qxg5 Qd8 29. Qg3 Qd6 30. Ra5 Qxg3+ 31. hxg3 a6 32. Kg2 Rh8 33. f3 Rh7
34. Rh1 Nh5 35. Rg5 Rch8 36. Kf2 Rh6 37. Rg4 Nf6 38. Rgh4 Rxh4 39. Rxh4 Rxh4
40. gxh4 Nd5 41. Kg3 Nf6 42. c4 Kf8 43. Kf4 Ke7 44. Bc2 Nd7 45. b3 Kf6 46. Ke4
e5 47. f4 exd4 48. Kxd4 Ke6 49. b4 Kf6 50. a4 Ke6 51. Bd3 a5 52. bxa5 c5+ 53.
Ke3 f5 54. Be2 Kd6 55. h5 gxh5 56. Bxh5 Nb8 57. Bg6 Nc6 58. Bxf5 Nxa5 59. Bd3
Nb3 60. Ke4 Nc1 61. Bc2 Na2 62. Kf5 Nb4 63. Be4 b6 64. Kg6 Na6 65. f5 Nc7 66.
f6 Ne6 67. f7 Ke7 68. Bd5 Nf4+ 69. Kg7 Nh5+ 70. Kg6 Nf4+ 71. Kg7 Nh5+ 72. Kh8
Nf6 73. Kg7 1/2-1/2

[Event "4NCL Division 3 South"]
[Site "Milton Keynes, ENG"]
[Date "2022.06.26"]
[Round "8.53"]
[White "Lancaster, Roger"]
[Black "Salmons, Calum"]
[Result "0-1"]
[WhiteElo "1965"]
[BlackElo "1932"]
[PlyCount "90"]
[EventDate "2022.06.26"]
[WhiteTeam "Watford A"]
[BlackTeam "Sussex Martlets 2"]

1. e4 c5 2. Nc3 Nc6 3. g3 g6 4. Bg2 Bg7 5. d3 e6 6. Be3 d6 7. f4 Nge7 8. Nf3
Nd4 9. O-O Rb8 10. e5 Nef5 11. Bf2 d5 12. Ne2 Nxf3+ 13. Bxf3 b6 14. g4 Nh4 15.
Bh1 h5 16. g5 Nf5 17. c3 h4 18. d4 Qc7 19. Bf3 Bf8 20. Rc1 c4 21. Bg4 a5 22.
Qe1 h3 23. Ng3 b5 24. Qd2 b4 25. Rb1 Ba6 26. Rfc1 Qa7 27. Nxf5 gxf5 28. Be2
bxc3 29. bxc3 Ba3 30. Re1 Ke7 31. Bf1 Rxb1 32. Rxb1 Rb8 33. Rxb8 Qxb8 34. Be1
Qb1 35. Bxh3 Bc1 36. Qf2 Bxf4 37. Qxf4 Qxe1+ 38. Bf1 Qxc3 39. h4 Qe1 40. h5 c3
41. g6 fxg6 42. Qg5+ Kd7 43. hxg6 Qxf1+ 44. Kh2 Qf2+ 45. Kh1 Bd3 0-1

[Event "4NCL Division 3 South"]
[Site "Milton Keynes, ENG"]
[Date "2022.06.26"]
[Round "8.54"]
[White "Finn, Thomas"]
[Black "Taylor, Alistair"]
[Result "1-0"]
[WhiteElo "1934"]
[BlackElo "1850"]
[PlyCount "147"]
[EventDate "2022.06.26"]
[WhiteTeam "Sussex Martlets 2"]
[BlackTeam "Watford A"]

1. e4 c5 2. Nc3 e6 3. g3 d5 4. Bg2 d4 5. Nce2 Nc6 6. d3 e5 7. f4 Bg4 8. f5 Nf6
9. Bg5 Qa5+ 10. Qd2 Qxd2+ 11. Kxd2 Nd7 12. h3 Bxe2 13. Kxe2 f6 14. Bd2 b5 15.
Nf3 Nb6 16. g4 b4 17. b3 a5 18. h4 Be7 19. g5 O-O-O 20. h5 Rdg8 21. Rag1 Nd7
22. Bh3 Nd8 23. h6 gxh6 24. gxf6 Bxf6 25. Bxh6 Nf7 26. Bd2 Kd8 27. Bg4 Ke7 28.
Bh5 Kf8 29. Bxf7 Kxf7 30. Rxg8 Kxg8 31. Ng5 h5 32. Kf3 Bxg5 33. Bxg5 Kf7 34.
Rh3 Nf6 35. Bxf6 Kxf6 36. Rg3 h4 37. Rg6+ Kf7 38. Kg2 h3+ 39. Kh2 Ra8 40. Rc6
a4 41. Rxc5 axb3 42. axb3 Kf6 43. Kxh3 Rg8 44. Rc6+ Kf7 45. Rc4 Rh8+ 46. Kg3
Rg8+ 47. Kf3 Rb8 48. Rc6 Rh8 49. Ke2 Rb8 50. Kf3 Rh8 51. Re6 Rc8 52. Rxe5 Rxc2
53. Rd5 Rc3 54. Rxd4 Rxb3 55. Rd6 Rb1 56. Ke3 Ke7 57. e5 b3 58. Rb6 b2 59. Kd2
Rf1 60. f6+ Kf7 61. Rxb2 Ke6 62. Rb5 Rf4 63. Ke3 Rh4 64. d4 Rh3+ 65. Ke4 Rh4+
66. Kd3 Rh3+ 67. Kc4 Rf3 68. Rb6+ Kd7 69. Kd5 Kc7 70. Rd6 Ra3 71. Ke6 Ra8 72.
f7 Rh8 73. Ke7 Rh7 74. Ke8 1-0

[Event "4NCL Division 3 South"]
[Site "Milton Keynes, ENG"]
[Date "2022.06.26"]
[Round "8.55"]
[White "Hall, Antony C"]
[Black "Neale, George"]
[Result "0-1"]
[WhiteElo "1868"]
[BlackElo "1734"]
[PlyCount "62"]
[EventDate "2022.06.26"]
[WhiteTeam "Watford A"]
[BlackTeam "Sussex Martlets 2"]

1. e4 e5 2. Nf3 Nf6 3. Nxe5 d6 4. Nf3 Nxe4 5. Nc3 Nxc3 6. dxc3 Nc6 7. Be3 Bg4
8. Be2 Be7 9. Qd2 Qd7 10. h3 Bh5 11. O-O-O Qe6 12. Kb1 Bg6 13. Rhe1 Ne5 14. Nd4
Nc4 15. Qc1 Qd5 16. Bf3 Qa5 17. Bxb7 Rb8 18. Bc6+ Kf8 19. Nb3 Na3+ 20. bxa3
Qxc3 21. Bd4 Qxc6 22. Bxg7+ Kxg7 23. Rxe7 Rhf8 24. g4 a5 25. a4 Qxa4 26. Ka1
Qc6 27. Re2 a4 28. Qb2+ Kg8 29. Nd4 Qc4 30. Qa3 c5 31. Nf5 Qxe2 0-1

[Event "4NCL Division 3 South"]
[Site "Milton Keynes, ENG"]
[Date "2022.06.26"]
[Round "8.56"]
[White "Airlie, Arran"]
[Black "Shine, Patrick"]
[Result "1-0"]
[WhiteElo "1776"]
[BlackElo "1800"]
[PlyCount "163"]
[EventDate "2022.06.26"]
[WhiteTeam "Sussex Martlets 2"]
[BlackTeam "Watford A"]

1. e4 Nf6 2. e5 Nd5 3. c4 Nb6 4. d4 d6 5. f4 dxe5 6. fxe5 Nc6 7. Be3 Bf5 8. Nf3
e6 9. Be2 Be7 10. O-O O-O 11. Nc3 f6 12. d5 exd5 13. c5 Nc4 14. Bf2 Be6 15.
exf6 Bxf6 16. Qc2 N6e5 17. Rfe1 Bf7 18. Rad1 c6 19. Bxc4 Nxc4 20. b3 Qa5 21.
Na4 Na3 22. Qf5 Rae8 23. Nd4 Bxd4 24. Rxe8 Bxf2+ 25. Qxf2 Rxe8 26. Rf1 Qc7 27.
Nc3 Qe7 28. Ne2 Qe3 29. Qxe3 Rxe3 30. Nd4 Nb5 31. Nf5 Nc3 32. Nxe3 d4 33. Nc4
Bxc4 34. bxc4 d3 35. Rf2 Ne4 36. Rf3 Nxc5 37. Kf2 h6 38. Ke3 g6 39. Kd2 Kg7 40.
Re3 Kf7 41. h4 b6 42. g4 Kf8 43. h5 Kf7 44. Rf3+ Kg7 45. Rf4 gxh5 46. gxh5 a6
47. Rg4+ Kf7 48. Rg6 Nd7 49. Rxc6 Ne5 50. Rc7+ Kg8 51. Kc3 Kf8 52. a4 a5 53. c5
bxc5 54. Rxc5 d2 55. Kxd2 Nf3+ 56. Ke3 Ne1 57. Rc1 Ng2+ 58. Kf2 Nf4 59. Rc8+
Ke7 60. Ra8 Nxh5 61. Rxa5 Nf6 62. Ra6 Ne4+ 63. Ke3 Nc5 64. Ra5 Kd6 65. Ra8 Kc6
66. Kd4 Kb7 67. Rh8 Nxa4 68. Rxh6 Kc7 69. Ra6 Nb6 70. Kc5 Nd7+ 71. Kb5 Ne5 72.
Re6 Nf3 73. Kc5 Kd7 74. Kd5 Ng5 75. Re5 Nh3 76. Rf5 Kc7 77. Ke4 Kd6 78. Kf3
Ng1+ 79. Kf2 Nh3+ 80. Kg3 Ke6 81. Rh5 Ng1 82. Rh2 1-0

[Event "4NCL Division 3 South"]
[Site "Milton Keynes, ENG"]
[Date "2022.06.26"]
[Round "8.61"]
[White "Clark, Ian C"]
[Black "Finn, Peter"]
[Result "0-1"]
[WhiteElo "1964"]
[BlackElo "2174"]
[PlyCount "66"]
[EventDate "2022.??.??"]
[WhiteTeam "Wessex Some Stars B"]
[BlackTeam "CSC 1"]

1. e4 c5 2. Nf3 Nc6 3. d4 cxd4 4. Nxd4 Nf6 5. Nc3 e5 6. Ndb5 d6 7. Bg5 a6 8.
Bxf6 gxf6 9. Na3 b5 10. Nd5 Bg7 11. c3 f5 12. exf5 Bxf5 13. Nc2 O-O 14. Be2 Be6
15. a4 bxa4 16. Rxa4 a5 17. O-O f5 18. Bb5 Ne7 19. Nxe7+ Qxe7 20. Bc6 Rac8 21.
Bd5 Rc5 22. Ne3 f4 23. Qb3 Kf7 24. Bxe6+ Qxe6 25. Qb7+ Kg8 26. b4 Qb3 27. Nd1
Rd5 28. Ra1 e4 29. Rb1 Qc4 30. bxa5 Rd2 31. Qd7 e3 32. Rb7 Qxf1+ 33. Kxf1 e2+
0-1

[Event "4NCL Division 3 South"]
[Site "Milton Keynes, ENG"]
[Date "2022.06.26"]
[Round "8.62"]
[White "Amato, Giampiero"]
[Black "Gregory, Keith D F"]
[Result "0-1"]
[WhiteElo "2006"]
[BlackElo "1951"]
[PlyCount "98"]
[EventDate "2022.??.??"]
[WhiteTeam "CSC 1"]
[BlackTeam "Wessex Some Stars B"]

1. e4 d6 2. d4 Nf6 3. Nc3 Nbd7 4. Nf3 e5 5. Bc4 h6 6. a4 Be7 7. O-O c6 8. Re1
O-O 9. Ba2 Nh7 10. Be3 Ng5 11. Nd2 Ne6 12. dxe5 dxe5 13. Bxe6 fxe6 14. Qg4 Rf6
15. Rad1 Qc7 16. Nc4 b5 17. Nd2 a6 18. Nf3 Rb8 19. Qh5 Bb7 20. Rd2 Rbf8 21.
Red1 Bc8 22. Nh4 R8f7 23. Ng6 Bb4 24. g4 Kh7 25. Nh4 Kg8 26. g5 hxg5 27. Ng6
Rxg6 28. Qxg6 Be7 29. Bxg5 Nf6 30. Be3 Bd7 31. Qg3 Be8 32. Qh3 b4 33. Ne2 Nxe4
34. Rd3 Nc5 35. Bxc5 Bxc5 36. Rf3 e4 37. Rxf7 Qxf7 38. Qg3 e5 39. Nc1 Qf4 40.
Nb3 Bxf2+ 41. Qxf2 Qg4+ 42. Kf1 Qxd1+ 43. Kg2 Bh5 44. Nc5 Bf3+ 45. Kh3 Qd6 46.
Qe3 Qg6 47. Qb3+ Kh7 48. Qe6 Qg2+ 49. Kh4 g5# 0-1

[Event "4NCL Division 3 South"]
[Site "Milton Keynes, ENG"]
[Date "2022.06.26"]
[Round "8.63"]
[White "Marsh, Roger D W"]
[Black "Saidmurodov, Shahjahon"]
[Result "1-0"]
[WhiteElo "1924"]
[BlackElo "1902"]
[PlyCount "135"]
[EventDate "2022.??.??"]
[WhiteTeam "Wessex Some Stars B"]
[BlackTeam "CSC 1"]

1. d4 Nf6 2. c4 e5 3. dxe5 Ng4 4. Nf3 Bc5 5. e3 Nc6 6. Be2 O-O 7. O-O Re8 8.
Nbd2 a5 9. b3 Ngxe5 10. Nxe5 Nxe5 11. Nf3 Qf6 12. Bd2 d6 13. Nxe5 Qxe5 14. Qc2
Re6 15. Qc3 Qg5 16. e4 Qh4 17. Bf3 Rf6 18. g3 Qh3 19. Bg5 Bd4 20. Qxd4 Rxf3 21.
e5 Bg4 22. exd6 cxd6 23. Rae1 Qh5 24. Qe4 h6 25. Qxb7 Rf8 26. Be7 Rc3 27. Qd5
Qh3 28. Re3 Rxe3 29. fxe3 Be6 30. Qg2 Re8 31. Bxd6 Qh5 32. Qf3 Qg6 33. Bc5 Bh3
34. Re1 Re6 35. Bd4 Qc2 36. Qf2 Qd3 37. Re2 h5 38. e4 Rd6 39. Be5 Re6 40. Bd4
h4 41. Qe3 Qd1+ 42. Re1 Qh5 43. Kf2 Bf5 44. Qf3 Bg4 45. Qf4 hxg3+ 46. hxg3 f5
47. Qb8+ Re8 48. Qc7 Qh2+ 49. Ke3 Rxe4+ 50. Kd3 Rxd4+ 51. Kxd4 Qd2+ 52. Kc5
Qxe1 53. Kb5 Qb4+ 54. Ka6 Kh7 55. Qxa5 Qxa5+ 56. Kxa5 Kg6 57. b4 Kf6 58. b5 Ke5
59. c5 g5 60. Kb4 Kd5 61. a4 f4 62. gxf4 gxf4 63. a5 Bc8 64. a6 Ke6 65. c6 Bxa6
66. bxa6 f3 67. c7 Kd7 68. a7 1-0

[Event "4NCL Division 3 South"]
[Site "Milton Keynes, ENG"]
[Date "2022.06.26"]
[Round "8.64"]
[White "Stayt, James N"]
[Black "De Coverly, Roger D"]
[Result "0-1"]
[WhiteElo "1924"]
[BlackElo "1901"]
[PlyCount "104"]
[EventDate "2022.??.??"]
[WhiteTeam "CSC 1"]
[BlackTeam "Wessex Some Stars B"]

1. e4 d6 2. d4 g6 3. c4 Nf6 4. Nc3 Bg7 5. f3 O-O 6. Be3 c5 7. dxc5 dxc5 8. Qxd8
Rxd8 9. Bxc5 Nc6 10. Rd1 Bd7 11. Nh3 Bxh3 12. gxh3 Rxd1+ 13. Nxd1 Ne5 14. Be2
Rc8 15. Bxa7 Nxc4 16. Bd4 e5 17. Bc3 Nh5 18. Bxc4 Rxc4 19. Ne3 Ra4 20. a3 Nf4
21. Ng4 h5 22. Nf2 Bf6 23. Kd2 Ra6 24. Kc2 Re6 25. Rd1 Bh4 26. Nd3 Ng2 27. Kb1
Ne3 28. Rc1 Bf6 29. Re1 Nc4 30. Nb4 Bh4 31. Rd1 f5 32. Be1 Bxe1 33. Rxe1 Nd2+
34. Kc2 Nxf3 35. Re3 Nd4+ 36. Kd3 f4 37. Re1 g5 38. Nd5 Kf7 39. Rc1 Rc6 40. Rg1
Rg6 41. a4 Nf3 42. Rc1 b6 43. Rc7+ Ke8 44. b4 Nxh2 45. Re7+ Kd8 46. Rxe5 f3 47.
Ke3 g4 48. Nf4 Rg8 49. Rxh5 g3 50. Rg5 Rxg5 51. Ne6+ Ke7 52. Nxg5 f2 0-1

[Event "4NCL Division 3 South"]
[Site "Milton Keynes, ENG"]
[Date "2022.06.26"]
[Round "8.65"]
[White "Bellers, Chris J"]
[Black "Vachtfeidl, Petr"]
[Result "1/2-1/2"]
[WhiteElo "1900"]
[BlackElo "1874"]
[PlyCount "35"]
[EventDate "2022.??.??"]
[WhiteTeam "Wessex Some Stars B"]
[BlackTeam "CSC 1"]

1. c4 e5 2. g3 Nf6 3. Bg2 h6 4. Nc3 Bb4 5. e4 O-O 6. a3 Bxc3 7. bxc3 Re8 8. d3
c6 9. Ne2 d5 10. cxd5 cxd5 11. exd5 Nxd5 12. c4 Nf6 13. O-O Nc6 14. Bb2 Bf5 15.
d4 exd4 16. Nxd4 Be4 17. Nxc6 Bxc6 18. Bxc6 1/2-1/2

[Event "4NCL Division 3 South"]
[Site "Milton Keynes, ENG"]
[Date "2022.06.26"]
[Round "8.66"]
[White "Evans, Harry G"]
[Black "Adaway, William"]
[Result "1/2-1/2"]
[WhiteElo "1881"]
[BlackElo "1861"]
[PlyCount "52"]
[EventDate "2022.??.??"]
[WhiteTeam "CSC 1"]
[BlackTeam "Wessex Some Stars B"]

1. d4 d5 2. Nf3 Nf6 3. Bf4 c5 4. e3 e6 5. Bd3 Bd6 6. Bg3 Qc7 7. Bxd6 Qxd6 8.
Nbd2 Nbd7 9. c3 O-O 10. O-O e5 11. dxe5 Nxe5 12. Nxe5 Qxe5 13. Nf3 Qc7 14. Qc2
Bg4 15. Ng5 h6 16. Nh7 Nxh7 17. Bxh7+ Kh8 18. Bf5 Bxf5 19. Qxf5 Rad8 20. Rfd1
Qd7 21. Qf3 Rfe8 22. Rd2 Re5 23. Rad1 Qe6 24. g3 b5 25. b3 Re4 26. Rc1 Rd7
1/2-1/2

[Event "4NCL Division 3 South"]
[Site "Milton Keynes, ENG"]
[Date "2022.06.26"]
[Round "8.71"]
[White "Scott, David A"]
[Black "Cooke, Charlie"]
[Result "1-0"]
[WhiteElo "2124"]
[BlackElo "1759"]
[PlyCount "61"]
[EventDate "2022.??.??"]
[WhiteTeam "Surbiton"]
[BlackTeam "CSC 2"]

1. d4 d5 2. c4 e6 3. Nf3 Nf6 4. g3 Be7 5. Bg2 O-O 6. O-O c6 7. Nc3 Nbd7 8. Qd3
Re8 9. e4 Nxe4 10. Nxe4 dxe4 11. Qxe4 Nf6 12. Qc2 Bd7 13. Rd1 Qa5 14. Ne5 Rad8
15. Bd2 Qc7 16. Bc3 Bc8 17. b4 Nd7 18. Nxd7 Rxd7 19. a4 b6 20. Qb2 Bf6 21. Rac1
Bb7 22. c5 bxc5 23. dxc5 Rxd1+ 24. Rxd1 Bxc3 25. Qxc3 h5 26. h4 g6 27. Rd6 Rd8
28. Qd4 Rxd6 29. cxd6 Qb8 30. d7 Qd8 31. Qd6 1-0

[Event "4NCL Division 3 South"]
[Site "Milton Keynes, ENG"]
[Date "2022.06.26"]
[Round "8.72"]
[White "Selemir, Maxim"]
[Black "Seymour, Timothy P"]
[Result "1-0"]
[WhiteElo "1832"]
[BlackElo "2083"]
[PlyCount "91"]
[EventDate "2022.??.??"]
[WhiteTeam "CSC 2"]
[BlackTeam "Surbiton"]

1. e4 c6 2. d4 d5 3. exd5 cxd5 4. c4 Nf6 5. Nc3 Nc6 6. Nf3 a6 7. c5 g6 8. Bf4
Bg4 9. Be2 Bg7 10. h3 Bxf3 11. Bxf3 Ne4 12. Be3 O-O 13. O-O f5 14. Bxe4 fxe4
15. Qa4 e6 16. Ne2 Qh4 17. Rad1 Rf7 18. Qc2 Bh6 19. Qd2 g5 20. Ng3 Ne7 21. Kh2
Raf8 22. Ne2 Kh8 23. Ng1 Ng6 24. g3 Qh5 25. g4 Qh4 26. f3 Ne5 27. dxe5 Bg7 28.
Kg2 Bxe5 29. Bf2 Qh6 30. Bd4 Bxd4 31. Qxd4+ Kg8 32. fxe4 dxe4 33. Rxf7 Rxf7 34.
Qxe4 Qf6 35. Qe2 e5 36. Rf1 Qc6+ 37. Nf3 Qxc5 38. Nxg5 Qd5+ 39. Kg3 Rd7 40. Rf3
Qd4 41. Ne6 Qg1+ 42. Kh4 Rf7 43. Rxf7 Kxf7 44. Ng5+ Kg6 45. Qe4+ Kf6 46. Qf5+
1-0

[Event "4NCL Division 3 South"]
[Site "Milton Keynes, ENG"]
[Date "2022.06.26"]
[Round "8.73"]
[White "Faulks, Nick"]
[Black "Eckert, Jonathan"]
[Result "1/2-1/2"]
[WhiteElo "1827"]
[BlackElo "1721"]
[PlyCount "40"]
[EventDate "2022.??.??"]
[WhiteTeam "Surbiton"]
[BlackTeam "CSC 2"]

1. c4 f5 2. b3 e5 3. Bb2 Nc6 4. e3 Nf6 5. Nf3 d6 6. d4 e4 7. d5 exf3 8. dxc6
bxc6 9. gxf3 g6 10. Nc3 Bg7 11. Qc2 O-O 12. O-O-O Qe7 13. Bd3 Bb7 14. Rhe1 c5
15. Qe2 Nd7 16. f4 Nf6 17. f3 Rae8 18. Qf2 Nh5 19. Kb1 a5 20. Bc2 Nf6 1/2-1/2

[Event "4NCL Division 3 South"]
[Site "Milton Keynes, ENG"]
[Date "2022.06.26"]
[Round "8.74"]
[White "Grey, Nicholas D"]
[Black "Davies, Neil"]
[Result "0-1"]
[WhiteElo "1722"]
[BlackElo "1818"]
[PlyCount "96"]
[EventDate "2022.??.??"]
[WhiteTeam "CSC 2"]
[BlackTeam "Surbiton"]

1. e4 e5 2. Nf3 Nc6 3. Bb5 a6 4. Bxc6 dxc6 5. d4 exd4 6. Qxd4 Qxd4 7. Nxd4 c5
8. Ne2 Nf6 9. f3 Bd7 10. Be3 O-O-O 11. Nd2 Bc6 12. O-O-O Be7 13. Nb3 b6 14.
Rxd8+ Rxd8 15. Rd1 a5 16. Rxd8+ Kxd8 17. Nd2 Nd7 18. b3 b5 19. Nf4 Nb6 20. Nd3
Nd7 21. c4 b4 22. Nf1 Kc8 23. Ng3 Kb7 24. Nf5 Bf8 25. Bf4 Kb6 26. Ne3 f6 27.
Nd5+ Bxd5 28. cxd5 Bd6 29. Bxd6 cxd6 30. Nb2 Ne5 31. f4 Ng4 32. Nc4+ Kc7 33.
Kd2 Nxh2 34. Ke2 Ng4 35. Nxa5 f5 36. exf5 Nf6 37. Nc4 Nxd5 38. g3 Nc3+ 39. Kd3
Nxa2 40. Ne3 Nc1+ 41. Kc4 Ne2 42. Nd5+ Kd7 43. g4 h6 44. f6 gxf6 45. Nxf6+ Ke6
46. Nd5 Ng3 47. Nc7+ Kd7 48. Nd5 Ne4 0-1

[Event "4NCL Division 3 South"]
[Site "Milton Keynes, ENG"]
[Date "2022.06.26"]
[Round "8.75"]
[White "Boughen, Andrew"]
[Black "Denning, Julie L"]
[Result "1-0"]
[WhiteElo "1797"]
[BlackElo "1617"]
[PlyCount "95"]
[EventDate "2022.??.??"]
[WhiteTeam "Surbiton"]
[BlackTeam "CSC 2"]

1. d4 Nf6 2. c4 g6 3. Nc3 Bg7 4. e4 d6 5. Nf3 O-O 6. Be2 Nbd7 7. O-O Re8 8. e5
dxe5 9. dxe5 Ng4 10. e6 Nde5 11. exf7+ Nxf7 12. Qb3 c5 13. Rd1 Nd6 14. Ne4 Qc7
15. Bf4 Rd8 16. Nxd6 exd6 17. Rd2 Be5 18. Nxe5 dxe5 19. Rxd8+ Qxd8 20. Rd1 Qe7
21. Bg3 Bf5 22. Bf3 Rb8 23. Re1 b6 24. h3 Nf6 25. Rxe5 Qf8 26. Qe3 Re8 27. Rxe8
Qxe8 28. Qxe8+ Nxe8 29. Bb8 a6 30. Ba7 Nf6 31. Bxb6 Bd3 32. b3 Bb1 33. Bxc5
Bxa2 34. Bd4 Kf7 35. Bxf6 Kxf6 36. Bd1 Ke5 37. Kf1 Kd4 38. Ke2 Bb1 39. Kd2 Be4
40. g3 a5 41. h4 a4 42. bxa4 Kxc4 43. Ke3 Bb1 44. Kf4 h5 45. Bf3 Bc2 46. Be4
Bxa4 47. Bxg6 Bd1 48. Kg5 1-0

[Event "4NCL Division 3 South"]
[Site "Milton Keynes, ENG"]
[Date "2022.06.26"]
[Round "8.76"]
[White "Holden, Hayden"]
[Black "Alcock, Graham P"]
[Result "0-1"]
[WhiteElo "1500"]
[BlackElo "1757"]
[PlyCount "40"]
[EventDate "2022.??.??"]
[WhiteTeam "CSC 2"]
[BlackTeam "Surbiton"]

1. e4 d5 2. exd5 Qxd5 3. Nc3 Qd6 4. d4 Nf6 5. Nf3 Bg4 6. Be2 a6 7. O-O Nc6 8.
Be3 O-O-O 9. Ng5 Be6 10. Nxe6 Qxe6 11. Na4 h5 12. c4 Ng4 13. Qd2 Nxd4 14. Rfd1
Nf3+ 15. Bxf3 Rxd2 16. Rxd2 Nxe3 17. Re1 Qxc4 18. b3 Qb4 19. Rde2 Nf5 20. Be4
Nd6 0-1

[Event "4NCL Division 3 South"]
[Site "Milton Keynes, ENG"]
[Date "2022.06.26"]
[Round "8.81"]
[White "Williamson, Kevin J"]
[Black "Machacek, Martin"]
[Result "1-0"]
[WhiteElo "1856"]
[BlackElo "2035"]
[PlyCount "43"]
[EventDate "2022.??.??"]
[WhiteTeam "MK Phoenix 2"]
[BlackTeam "Poole"]

1. d4 Nf6 2. Nc3 d5 3. Bg5 Bf5 4. e3 e6 5. Bd3 Bg6 6. f4 Be7 7. Nf3 Nbd7 8. Ne5
Bxd3 9. cxd3 h6 10. Bh4 g5 11. fxg5 Nh7 12. Nxf7 Kxf7 13. Qh5+ Kf8 14. Qxh6+
Ke8 15. Qg6+ Kf8 16. O-O+ Nhf6 17. gxf6 Rxh4 18. fxe7+ Kxe7 19. Nxd5+ Kd6 20.
e4 Qh8 21. Qg3+ e5 22. Qg6+ 1-0

[Event "4NCL Division 3 South"]
[Site "Milton Keynes, ENG"]
[Date "2022.06.26"]
[Round "8.82"]
[White "Stanciu, Ciprian"]
[Black "Whiteside, Robert"]
[Result "1-0"]
[WhiteElo "2005"]
[BlackElo "1816"]
[PlyCount "47"]
[EventDate "2022.??.??"]
[WhiteTeam "Poole"]
[BlackTeam "MK Phoenix 2"]

1. d4 Nf6 2. Bf4 e6 3. e3 c5 4. c3 Nc6 5. Nf3 d5 6. Nbd2 Be7 7. Bd3 a6 8. h3 b5
9. Ne5 Nxe5 10. Bxe5 Bd6 11. Nf3 Ne4 12. Bxd6 Qxd6 13. Ne5 Bb7 14. Qg4 Qf8 15.
Bxe4 dxe4 16. dxc5 f5 17. Qg3 Bd5 18. O-O O-O-O 19. b4 Kb7 20. a4 Qf6 21. axb5
axb5 22. Ra5 Bc4 23. Rfa1 Ra8 24. c6+ 1-0

[Event "4NCL Division 3 South"]
[Site "Milton Keynes, ENG"]
[Date "2022.06.26"]
[Round "8.83"]
[White "Obi, Marc On"]
[Black "Duggan, Michael F G"]
[Result "1/2-1/2"]
[WhiteElo "1798"]
[BlackElo "2054"]
[PlyCount "54"]
[EventDate "2022.??.??"]
[WhiteTeam "MK Phoenix 2"]
[BlackTeam "Poole"]

1. e4 c6 2. c4 d5 3. exd5 cxd5 4. d4 Nf6 5. Nc3 Nc6 6. cxd5 Nxd5 7. Bc4 Nb6 8.
Bb5 a6 9. Bxc6+ bxc6 10. Nf3 Bg4 11. O-O e6 12. Bf4 Be7 13. Qd3 Bf5 14. Qe2 Nd5
15. Bg3 O-O 16. Rac1 Qa5 17. a3 Nf6 18. Ne5 Rac8 19. Rfd1 Qb6 20. Na4 Qb5 21.
Qc4 Be4 22. f3 Bd5 23. Qxb5 cxb5 24. Nb6 Rxc1 25. Rxc1 Rd8 26. Nxd5 Nxd5 27.
Rc6 Rd6 1/2-1/2

[Event "4NCL Division 3 South"]
[Site "Milton Keynes, ENG"]
[Date "2022.06.26"]
[Round "8.84"]
[White "Smith, Richard"]
[Black "Shaw, John S"]
[Result "0-1"]
[WhiteElo "1943"]
[BlackElo "1681"]
[PlyCount "86"]
[EventDate "2022.??.??"]
[WhiteTeam "Poole"]
[BlackTeam "MK Phoenix 2"]

1. e4 c5 2. Nf3 Nc6 3. d4 cxd4 4. Nxd4 Nf6 5. Nc3 e5 6. Ndb5 d6 7. Nd5 Nxd5 8.
exd5 Ne7 9. c4 Ng6 10. Be2 Be7 11. O-O O-O 12. c5 a6 13. cxd6 Bxd6 14. Nxd6
Qxd6 15. Be3 f5 16. Rc1 Rd8 17. Bc5 Qf6 18. Qb3 Nf4 19. Bc4 b5 20. Be7 Qg6 21.
Qg3 Re8 22. Qxg6 hxg6 23. d6+ bxc4 24. Rxc4 Nd5 25. Rd1 Nxe7 26. dxe7 Be6 27.
Rc7 Kf7 28. Rd8 Kf6 29. Rxa8 Rxa8 30. Ra7 Re8 31. Rxa6 Rxe7 32. b4 Rc7 33. g3
Ke7 34. Ra5 Kd6 35. b5 Bd5 36. Ra6+ Ke7 37. f4 e4 38. b6 Rb7 39. a4 Kd6 40. a5
Kc5 41. Kf2 Kd4 42. h4 e3+ 43. Ke1 Ke4 0-1

[Event "4NCL Division 3 South"]
[Site "Milton Keynes, ENG"]
[Date "2022.06.26"]
[Round "8.85"]
[White "Cox, David"]
[Black "Weatherlake, John P"]
[Result "0-1"]
[WhiteElo "1348"]
[BlackElo "1996"]
[PlyCount "48"]
[EventDate "2022.??.??"]
[WhiteTeam "MK Phoenix 2"]
[BlackTeam "Poole"]

1. e4 c5 2. d4 cxd4 3. c3 Nf6 4. e5 Nd5 5. cxd4 d6 6. Nf3 Nc6 7. Nc3 dxe5 8.
Nxe5 Nxc3 9. Nxc6 Nxd1 10. Nxd8 Kxd8 11. Kxd1 g6 12. Bf4 Bg7 13. Be3 e6 14. a4
Ke7 15. b4 Rd8 16. Ke2 Bxd4 17. Ra3 Bxe3 18. Kxe3 b6 19. f4 Bb7 20. Ra2 Rac8
21. Bd3 Rc3 22. Rd1 Bd5 23. Rb2 Bb3 24. Rdd2 Bc4 0-1

[Event "4NCL Division 3 South"]
[Site "Milton Keynes, ENG"]
[Date "2022.06.26"]
[Round "8.86"]
[White "Popovic, Dragi"]
[Black "Cox, Lucian"]
[Result "0-1"]
[WhiteElo "1713"]
[BlackElo "1135"]
[PlyCount "42"]
[EventDate "2022.??.??"]
[WhiteTeam "Poole"]
[BlackTeam "MK Phoenix 2"]

1. Nf3 Nf6 2. b3 g6 3. Bb2 Bg7 4. d3 O-O 5. Nbd2 d6 6. e3 Nc6 7. Be2 e5 8. a3
Qe7 9. O-O Bg4 10. b4 e4 11. dxe4 Nxe4 12. Bxg7 Kxg7 13. Nxe4 Qxe4 14. h3 Bf5
15. Bd3 Qe6 16. Kh2 Ne5 17. Nd4 Qf6 18. Nxf5+ gxf5 19. Be2 Kh8 20. Qd4 f4 21.
exf4 Nf3+ 0-1

[Event "4NCL Division 3 South"]
[Site "Milton Keynes, ENG"]
[Date "2022.06.26"]
[Round "8.91"]
[White "Balasundaram, Sivasatyan"]
[Black "Lovell, Steve"]
[Result "1-0"]
[WhiteElo "1769"]
[BlackElo "1814"]
[PlyCount "121"]
[EventDate "2022.??.??"]
[WhiteTeam "Cambridge University Y"]
[BlackTeam "Iceni 2"]

1. c4 e5 2. Nc3 Be7 3. Nf3 d6 4. d3 f5 5. g3 Nf6 6. Bg2 O-O 7. Qb3 Kh8 8. Bd2
Nbd7 9. a3 c6 10. e4 Qe8 11. h3 Nc5 12. Qc2 fxe4 13. dxe4 Be6 14. b4 Ncd7 15.
Nd1 d5 16. Ng5 Bg8 17. exd5 cxd5 18. cxd5 Rc8 19. Qd3 Bd6 20. Ne3 e4 21. Nxe4
Nxe4 22. Qxe4 Qf7 23. O-O Rce8 24. Qh4 Ne5 25. f4 Ng6 26. Qg4 Qf6 27. Rac1 Qd4
28. Qe2 Bxd5 29. Bxd5 Qxd5 30. Qf2 Qh5 31. Qg2 h6 32. Rfe1 Bxf4 33. Rc5 Bxe3+
34. Bxe3 Qf3 35. Qxf3 Rxf3 36. Bf2 Rxe1+ 37. Bxe1 Rxa3 38. Rc7 Ra1 39. Kf2 Ra2+
40. Ke3 Ra3+ 41. Ke4 Ra2 42. Bc3 Re2+ 43. Kd5 Ne7+ 44. Kc4 Nf5 45. g4 Re7 46.
Rc8+ Kh7 47. gxf5 Rf7 48. Rc5 b6 49. Rd5 a6 50. Bd4 Rc7+ 51. Kd3 Rb7 52. Rd6 a5
53. Rxb6 Rxb6 54. Bxb6 axb4 55. Ke4 Kg8 56. Bd4 Kf7 57. Bb2 g5 58. f6 Ke6 59.
Ba1 b3 60. Bb2 h5 61. Ba1 1-0

[Event "4NCL Division 3 South"]
[Site "Milton Keynes, ENG"]
[Date "2022.06.26"]
[Round "8.92"]
[White "Kenning, Paul H"]
[Black "Ivan, Austin"]
[Result "1/2-1/2"]
[WhiteElo "1852"]
[BlackElo "1719"]
[PlyCount "43"]
[EventDate "2022.??.??"]
[WhiteTeam "Iceni 2"]
[BlackTeam "Cambridge University Y"]

1. e4 e6 2. d4 d5 3. Bd3 dxe4 4. Bxe4 Nf6 5. Bf3 c6 6. Ne2 Qc7 7. c4 Nbd7 8.
O-O Be7 9. Nbc3 O-O 10. Re1 Re8 11. Be3 Nf8 12. Qb3 Bd7 13. Rad1 Ng6 14. g3 a6
15. Rc1 e5 16. d5 c5 17. Red1 Bd6 18. a3 e4 19. Bg2 Bg4 20. Qc2 Bf3 21. Qd2 Ne5
22. b3 1/2-1/2